00788 a2200169 4500003000500000005001700005040000900022082001200031100002600043245005000069250001100119260003500130300001000165505039300175538002900568650002100597Nust20170207154124.0 cNust a355.07  a G. Stoessinger, John a Why Nations Go to war hJohn G. Stoessinger  a5th ed aPakistan bService Book c2003 a226 p a The Iron Dice World War I (Page-1), Barbarossa Hilter’s Attack on Russia (Page-27), The Temptations of Victory Korea (Page-55), A Greek Tragedy in Five Vietnam (Page-84), Three Battles Over God; India and Pakistan in 1947(Page-116), The Forty Years War in the Holy Land Israel and Arabs (Page-142), The Prices of Martyrdom The Persian Gulf (Page-188), Why Nation Go to War (Page-205),  aAlmirah No.50 Shelf No.5 aNation go to war